How Many Times can you Press the K Key in 30 Seconds? Quiz Stats

 Plays Quiz not verified by Sporcle

Score 0/300 Timer 00:30
121 Plays Today
K % Correct
k
99%
k
98.6%
k
98.4%
k
98.1%
k
97.9%
k
97.7%
k
97.5%
k
97.4%
k
97.2%
k
97%
k
96.8%
k
96.6%
k
96.4%
k
96.3%
k
96.1%
k
95.9%
k
95.7%
k
95.6%
k
95.4%
k
95.3%
k
95.1%
k
95%
k
94.8%
k
94.6%
k
94.5%
k
94.3%
k
94.2%
k
94%
k
93.9%
k
93.7%
k
93.5%
k
93.4%
k
93.2%
k
93.1%
k
92.9%
k
92.8%
k
92.7%
k
92.5%
k
92.3%
k
92.2%
k
92%
k
91.9%
k
91.7%
k
91.6%
k
91.5%
k
91.4%
k
91.2%
k
91%
k
90.9%
k
90.8%
k
90.6%
k
90.4%
k
90.3%
k
90.1%
k
90%
k
89.9%
k
89.7%
k
89.5%
k
89.4%
k
89.3%
k
89.1%
k
88.9%
k
88.8%
k
88.7%
k
88.5%
k
88.4%
k
88.3%
k
88.1%
k
88%
k
87.8%
k
87.7%
k
87.5%
k
87.4%
k
87.2%
k
87.1%
k
87%
k
86.8%
k
86.6%
k
86.5%
k
86.3%
k
86.1%
k
86%
k
85.9%
k
85.7%
k
85.5%
k
85.4%
k
85.2%
k
85%
k
84.9%
k
84.7%
k
84.5%
k
84.4%
k
84.2%
k
84%
k
83.8%
k
83.7%
k
83.5%
k
83.4%
k
83.2%
k
83.1%
K % Correct
k
83.1%
k
83%
k
83%
k
82.9%
k
82.9%
k
82.7%
k
82.6%
k
82.5%
k
82.4%
k
82.2%
k
82%
k
81.9%
k
81.7%
k
81.5%
k
81.3%
k
81.1%
k
80.9%
k
80.7%
k
80.4%
k
80.2%
k
80%
k
79.8%
k
79.5%
k
79.3%
k
79%
k
78.8%
k
78.5%
k
78.3%
k
78%
k
77.8%
k
77.5%
k
77.2%
k
77%
k
76.7%
k
76.4%
k
76.1%
k
75.8%
k
75.5%
k
75.2%
k
74.9%
k
74.6%
k
74.3%
k
74%
k
73.7%
k
73.4%
k
73.1%
k
72.8%
k
72.4%
k
72.1%
k
71.7%
k
71.3%
k
70.9%
k
70.5%
k
70.1%
k
69.7%
k
69.3%
k
68.9%
k
68.4%
k
68%
k
67.6%
k
67.1%
k
66.7%
k
66.2%
k
65.8%
k
65.2%
k
64.8%
k
64.3%
k
63.8%
k
63.3%
k
62.8%
k
62.3%
k
61.7%
k
61.2%
k
60.7%
k
60.2%
k
59.6%
k
59%
k
58.5%
k
57.9%
k
57.4%
k
56.9%
k
56.3%
k
55.8%
k
55.2%
k
54.7%
k
54.1%
k
53.6%
k
53%
k
52.5%
k
52%
k
51.4%
k
50.9%
k
50.3%
k
49.8%
k
49.3%
k
48.8%
k
48.2%
k
47.7%
k
47.1%
k
46.6%
K % Correct
k
46.1%
k
45.6%
k
45.1%
k
44.7%
k
44.3%
k
43.8%
k
43.4%
k
43%
k
42.6%
k
42.1%
k
41.6%
k
41.2%
k
40.8%
k
40.3%
k
39.9%
k
39.4%
k
39%
k
38.6%
k
38.1%
k
37.7%
k
37.3%
k
36.9%
k
36.6%
k
36.2%
k
35.9%
k
35.4%
k
35.1%
k
34.7%
k
34.4%
k
34.1%
k
33.7%
k
33.4%
k
33.1%
k
32.7%
k
32.4%
k
32.1%
k
31.8%
k
31.6%
k
31.3%
k
31%
k
30.7%
k
30.5%
k
30.2%
k
29.9%
k
29.7%
k
29.4%
k
29.1%
k
28.9%
k
28.6%
k
28.4%
k
28.1%
k
27.9%
k
27.6%
k
27.4%
k
27.2%
k
26.9%
k
26.7%
k
26.5%
k
26.3%
k
26%
k
25.8%
k
25.6%
k
25.3%
k
25.2%
k
24.9%
k
24.7%
k
24.5%
k
24.3%
k
24.2%
k
24%
k
23.8%
k
23.6%
k
23.4%
k
23.2%
k
23.1%
k
22.9%
k
22.7%
k
22.6%
k
22.4%
k
22.2%
k
22.1%
k
21.9%
k
21.8%
k
21.6%
k
21.5%
k
21.3%
k
21.2%
k
21.1%
k
20.9%
k
20.8%
k
20.6%
k
20.5%
k
20.3%
k
20.2%
kk
20.1%
k
20.1%
k
19.9%
k
19.9%
k
19.9%
k
19.8%

You're not logged in!

Compare scores with friends on all Sporcle quizzes.
OR
Log In

You Might Also Like...

Show Comments

Extras

Created Feb 21, 2015ReportNominate
Tags:30 Seconds, key, press, pressing, second

Top Quizzes Today


Score Distribution

Your Account Isn't Verified!

In order to create a playlist on Sporcle, you need to verify the email address you used during registration. Go to your Sporcle Settings to finish the process.

Report this User

Report this user for behavior that violates our Community Guidelines.

Details: